Johnny's Geography #2 - Statistics

General Stats
  • This quiz has been taken 3,237 times
  • The average score is 13 of 20
Answer Stats
Hint Answer % Correct
Machu Picchu is located in which country? Peru
94%
Which country is sometimes referred to as the "Tear Drop" to the south of India? Sri Lanka
87%
If I'm eating Hot Pot in Chengdu, in which country am I located? China
83%
Guinness beer is based in which city? Dublin
82%
Which Middle Eastern country is scheduled to host the 2022 World Cup? Qatar
81%
What is the biggest city in Ontario? Toronto
79%
Where is Sin City? Las Vegas
78%
Which seas lies to the east of Bulgaria and Romania? Black Sea
75%
What is the capital of Djibouti? Djibouti
74%
When Lebron James took his talents to South Beach, which city was he going to? Miami
67%
What is the biggest city in Uruguay? Montevideo
66%
Which country is called Suomi in its native language? Finland
59%
If I'm eating Mole, a traditional sauce, which country might I be visiting? Mexico
59%
Kowloon is a region of which city? Hong Kong
54%
What is the capital of Zimbabwe Harare
51%
In which country is Izmir located? Turkey
51%
Manny Pacquiao is from which country? Philippines
48%
The Flamengo soccer team is based in which city? Rio de Janeiro
35%
Where is Changi Airport? Singapore
30%
If I'm flying to NRT, what city am I going to? Tokyo
23%
No matching quizzes found
Score Distribution
Percent of People with Each Score
Percentile by Number Answered
Your Score History
You have not taken this quiz